00728nam a2200205 a 450000100100000000500170001000800410002702000150006804000250008310000350010824500640014325000120020726000940021930000270031349000220034050000630036250400270042571000480045283000220050000004040420201002034118.0130823s2001 mx 000 0 spa d a9683690270 aDO-SdBNPbspacBNPHU1 aRíos Estavillos, Juan José10aDerechos de los patrones /cJuan José, Ríos Estavillos. a2a. ed. aMéxico :bUniversidad Nacional Autónoma de México :bCámara de Diputados;,c2001. a83 p. :bil. ;c22 cm.1 aNuestros derechos aIncluye datos biográficos del autor en la contracubierta aBibliografía : p. 832 aUniversidad Nacional Autónoma de México 0aNuestros derechos